| 000 | nam a22 a 4500 | ||
|---|---|---|---|
| 999 |
_c1782 _d1782 |
||
| 005 | 20170511161503.0 | ||
| 008 | 170511s1992 enk | 001 | eng d | ||
| 020 | _a0415068827 | ||
| 040 | _aAKMAL | ||
| 082 | _a338.941 MUL | ||
| 090 |
_a338.941 _bMUL |
||
| 245 |
_aUNDERSTANDING ECONOMIC POLICY _cMAURICE MULLARD |
||
| 260 |
_aLondon _bRoutledge, _c1992 |
||
| 300 |
_axix,318p. _c24cm. |
||
| 500 | _aBibliography: p299-306. -Includes index. | ||
| 651 | 0 |
_a Great Britain _x Economic policy _y1945-1964 _93685 |
|
| 651 | 0 |
_aGreat Britain _xEconomic policy _y1979-1997 _93363 |
|
| 651 | 0 |
_aGreat Britain _x Politics and government _y 1945-1964. _93686 |
|
| 651 | 0 |
_a Great Britain _xPolitics and government _y1979-1997. _93687 |
|
| 852 | 4 | 1 |
_a British Library _bHMNTS |
| 942 |
_2ddc _cBOOK |
||